| 000 | 00462nam a2200193 a 4500 | ||
|---|---|---|---|
| 001 | 1768117515544 | ||
| 003 | YourLibrary | ||
| 005 | 20260112125813.0 | ||
| 008 | 260111s2004##################000#0#eng## | ||
| 020 | _a9780851709994 | ||
| 082 | 0 | 4 |
_a302.23 _bDAV |
| 100 | 1 |
_aDavis, Glyn, _eauthor. |
|
| 245 | 1 | 0 | _aTeen TV : |
| 260 | _c2004. | ||
| 300 | _a216 pages | ||
| 650 | 0 | _aPerforming Arts. | |
| 942 | _cENGLISH | ||
| 040 |
_aYourLibrary _beng _cYourLibrary |
||
| 999 |
_c608250 _d608250 |
||